Tales from venus / (Record no. 155171)

MARC details
000 -LEADER
fixed length control field 00522nam a22001817a 4500
005 - DATE AND TIME OF LATEST TRANSACTION
control field 20180730173501.0
010 ## - LCCN (DPL NO)
LC control number ENG-123624
020 ## - INTERNATIONAL STANDARD BOOK NUMBER
Terms of availability 200.00
International Standard Book Number 9789386191731
035 ## - SYSTEM CONTROL NUMBER
System control number EN-107156
037 ## - SOURCE OF ACQUISITION
Source of stock number/acquisition DBAD/PUB
082 ## - DEWEY DECIMAL CLASSIFICATION NUMBER
Classification number S
100 ## - MAIN ENTRY--PERSONAL NAME
Personal name Saxena Chandra, Neelam
245 ## - TITLE STATEMENT
Title Tales from venus /
Statement of responsibility, etc by Neelam Saxena Chandra
260 ## - PUBLICATION, DISTRIBUTION, ETC. (IMPRINT)
Place of publication, distribution, etc New Delhi
Name of publisher, distributor, etc LiFi Publications
Date of publication, distribution, etc 2018
270 ## - ADDRESS
Address 211,2nd Floor, Gagandeep, 12, Rajendra Place,
City New Delhi
Postal code 110008
300 ## - PHYSICAL DESCRIPTION
Extent 147p.
Dimensions 21cm(pbk)
942 ## - ADDED ENTRY ELEMENTS (KOHA)
Source of classification or shelving scheme Dewey Decimal Classification
Item type English Books
Classification part S
Call number suffix SAX
Holdings
Withdrawn status Lost status Not for loan Collection code Home library Current library Date acquired Source of acquisition Cost, normal purchase price Full call number Barcode Copy number Cost, replacement price Koha item type
    Not For Loan Fiction D.B.Act.Division Sarojini Nagar 30/07/2018 DBAD/PUB 200.00 S SAX EN-107156 1 200.00 English Books

© Delhi Public Library
Hit Counter
free hit counter